| 000 | 02845cam a2200277 i 4500 | ||
|---|---|---|---|
| 003 | SA-RiAUC | ||
| 005 | 20241220163802.0 | ||
| 008 | 241215s1998 jo g f000 0 ara c | ||
| 024 | 0 | _a00000000737856 | |
| 040 |
_aJO-AmJU _bara _cSA-RiAUC _dAE-DuMBRL _erda |
||
| 050 | 4 | _b.S53 1998 | |
| 082 | 0 | 4 |
_a233 _qSA-RiAUC |
| 090 |
_a233 _bش م ا |
||
| 100 | 1 |
_aالشمالي، ياسر، _d1960- _eمؤلف. |
|
| 245 | 1 | 0 |
_aمناهج المحدثين / _cالدكتور ياسر الشمالي. |
| 264 | 1 |
_aعمان، الأردن : _bالجامعة الأردنية، منشورات عماد البحث العلمي، _c1998. |
|
| 300 |
_a262 صفحة ؛ _c24 × 17 سم |
||
| 336 |
_aنص _btxt _2rdacontent _3كتاب |
||
| 337 |
_aبدون وسيط _bn _2rdamedia |
||
| 338 |
_aمجلد _bnc _2rdacarrier |
||
| 520 | _aيتناول كتاب (مناهج المحدثين) والذي قام بتأليفه د. ياسر الشمالي في حوالي (262) صفحة من القطع المتوسط موضوع (الإمام البخاري ومسلم)، فهو يستعرض مباحث تتعلق بمناهج المحدثين في التصنيف والانتقاء، تتضمن تعريفا موجزا بأنواع التصنيف، ثم بيانا مفصلا لأشهر كتب الحديث وهي الكتب الستة وموطأ مالك، وضعها المؤلف لطلبة كلية الشريعة، وقد حرص فيها أن تكون ملائمة لمستوى الطلبة في هذه المرحلة، وأن تكون نافعة لطلبة العلم عموما. وقد أولى منهج الشيخين : البخاري ومسلم، اهتماما حيث تناول ما يتعلق بالصحيحين بشيء من التفصيل والتبسيط لما لهذين الكتابين من أهمية حيث إنهما أول كتابين في الصحيح المجرد، ولتلقي الأمة لهما بالقبول والعناية، إضافة إلى أنهما قد تعرضا ويتعرضان لكثير من الشبهات بسبب الجهل بحقيقة منهج الشيخين وشرطهما ودقتهما أو سبب العداوة للإسلام والسنة النبوية. ويتضمن الكتاب الموضوعات التالية : الباب الأول : أساليب المحدثين في تدوين الحديث، الباب الثاني : منهج الشيخين، البخاري ومسلم، الباب الثالث : منهج الإمام الترمذي، الباب الرابع : منهج الأئمة، أبي داود والنسائي، وابن ماجه، الباب الخامس : منهج الإمام مالك في الموطأ. | ||
| 650 | 7 |
_aعلم دراية الحديث _2aucsh |
|
| 650 | 7 |
_aالحديث _xرواية _2aucsh |
|
| 942 |
_2ddc _cBOOK _n0 |
||
| 949 |
_aSA-JeALM _d241215 _umohamedma123 _n1 |
||
| 999 |
_c3696 _d3696 |
||